Jude the obscure
Gardado en:
| Autor Principal: | |
|---|---|
| Formato: | Libro |
| Idioma: | inglés |
| Publicado: |
Nueva York
Dell Publishing
1959
|
| Series: | <The >Sunrise Semester Library
|
| Subjects: | |
| Tags: |
Engadir etiqueta
Sen Etiquetas, Sexa o primeiro en etiquetar este rexistro!
|
MARC
| LEADER | 00000nam a2200000 a 4500 | ||
|---|---|---|---|
| 001 | UCZ7242 | ||
| 003 | CL-VaPUC | ||
| 008 | 951228e19590000US |||||||||||||||||eng|d | ||
| 082 | 0 | 4 | |a 823 |b HAR |2 21 |
| 100 | |a Hardy, Thomas |e author |9 418583 | ||
| 245 | 1 | 0 | |a Jude the obscure |
| 300 | |a 416 p | ||
| 942 | |c BK | ||
| 945 | |d 19951228 00:00:00 |a rleighto | ||
| 260 | |a Nueva York |b Dell Publishing |c 1959 | ||
| 650 | 0 | |a Novelas inglesas |9 265220 | |
| 583 | |a last modification |c 19951228 00:00:00 |k Rodrigo Vera | ||
| 490 | 0 | |a <The >Sunrise Semester Library | |
| 999 | |c 243345 |d 243343 | ||
| 952 | |0 0 |1 0 |4 0 |6 823_000000000000000_HAR_1959 |7 0 |8 A |9 256940 |a BIBEDU |b BIBEDU |d 2019-11-19 |i 3165868 |o 823 HAR 1959 |p 3165868 |r 2019-11-19 |w 2019-11-19 |y BK |k LIT | ||